000
00292nam a22001217a 4500
020
_a
0471414255
082
_2
22
_a
338.83621398
100
_a
Paulson, Ed.
245
_a
Inside cisco /
260
_b
John willey and sons, inc,
_c
c 2001,
300
_a
xiv, 286 p, ;
_b
NA
_c
24 cm.
942
_2
ddc
_c
IT
999
_c
3795
_d
3795